| 000 | 00554nam a2200157 a 4500 | ||
|---|---|---|---|
| 008 | 120416s1980 ||||||||||||||||| || u | ||
| 050 | _aQC 981.7.M5 Gei | ||
| 100 | _aGeiger, Rudolf | ||
| 245 | 1 | 4 | _aThe climate near the ground |
| 260 |
_aLondon _bHarvard University Press _c1980 |
||
| 300 | _axiv, 611p. : ill. | ||
| 350 | _a0.00 | ||
| 650 | _aATMOSPHERE | ||
| 650 | _aCLIMATE AND WEATHER | ||
| 995 |
_D0.00 _FCBU-MAIN LIBRARY (Kitwe) _H1 _I0.00 _M1 _UAVAILABLE _ZMain Library Open Access Collection |
||
| 999 |
_c37597 _d37597 |
||